00000000cam 2200000zi 4500
0019.962715
003CaOODSP
00520260512074633
006m     o  d f      
007cr mn|||||||||
008260512e198403##onc     ob   f000 0 fre d
040 |aCaOODSP|bfre|erda|cCaOODSP
043 |an-cn---
0861 |aJS4-1/1984-16F-PDF
1001 |aWormith, J. S., |eauteur.
24510|aContrevalidation de la typologie du délinquant fondée sur le MMPI, appliquée â un échantillon de détenus incarcérés souffrant de troubles psychiatriques / |cJ. Stephen Wormith, Mark Borzecki, Walter H. Black.
264 1|a[Ottawa] : |bSolliciteur général du Canada, Secrétariat du Ministère, Division de la recherche, Direction des programmes, |cmars 1984.
300 |a1 ressource en ligne ([84] pages).
336 |atexte|btxt|2rdacontent/fre
337 |ainformatique|bc|2rdamedia/fre
338 |aressource en ligne|bcr|2rdacarrier/fre
4901 |aDirection des programmes - rapport pour spécialistes ; |vno. 1984-16
500 |aÉdition numérisée de l'imprimée [par Sécurité publique Canada].
500 |aPublié aussi en anglais sous le titre : Cross-validation of the MMPI-based offender typology with a Canadian psychiatric incarcerate sample.
500 |a« Le présent document de travail a été rédigé à la demande du Solliciteur général du Canada. Les idées énoncées dans le présent document de travail n'engagent que ces auteurs; elles ne reflètent pas nécessairement les vues du Ministère. »
504 |aComprend des références bibliographiques (pages 78-[84]).
5203 |a« Cette étude avait pour objet d'établir la validité de la typologie du délinquant fondée sur le MMPI de Megargee et Bohn, appliquée à un échantillon de 276 détenus canadiens incarcérés confiés à un établissement psychiatrique à sécurité maximale. Un taux de classification de 87 % a été obtenu » -- Sommaire.
650 6|aMMPI|zCanada.
650 6|aPrisonniers|xServices de santé mentale|zCanada.
650 6|aPrisonniers|zCanada|xClassification.
7101 |aCanada. |bSolliciteur général Canada.|bDirection des programmes, |eorganisme de publication.
77508|tCross-validation of the MMPI-based offender typology with a Canadian psychiatric incarcerate sample / |w(CaOODSP)9.962713
830#0|aRapport pour spécialistes (Canada. Solliciteur général Canada)|vno. 1984-16.|w(CaOODSP)9.808484
85640|qPDF|s0.98 Mo|uhttps://publications.gc.ca/collections/collection_2026/sp-ps/js4-1/JS4-1-1984-16-fra.pdf